000 00675cam a22002415a 4500
001 17222248
005 20180302081503.0
008 120322s2012 pau 000 0 eng
010 _a 2012935981
020 _a9780615562964 (alk. paper)
040 _aDLC
_cDLC
_dDLC
041 _aeng
042 _apcc
080 _a37 SIL
082 _a37 SIL
100 1 _a25
101 _aEDU
245 1 0 _aFire's guide to free speech on campus /
_cHarvey A. Silverglate, David French, Greg Lukianoff ; [edited by] Greg Lukianoff, William Creeley.
263 _a1206
906 _a0
_bibc
_corignew
_d2
_eepcn
_f20
_gy-gencatlg
942 _2ddc
_cBK
999 _c44066
_d44066